<?xml version="1.0" encoding="UTF-8"?>
<collection xmlns="http://www.loc.gov/MARC21/slim">
    <record>
        <controlfield tag="001">46229</controlfield>
        <controlfield tag="005">20170831220532.0</controlfield>
        <datafield tag="037" ind1=" " ind2=" ">
            <subfield code="a">GDOC-2010-0686</subfield>
        </datafield>
        <datafield tag="041" ind1=" " ind2=" ">
            <subfield code="a">spa</subfield>
        </datafield>
        <datafield tag="100" ind1=" " ind2=" ">
            <subfield code="0">(orcid)0000-0002-0809-641X</subfield>
            <subfield code="a">Larrea Arbaizar, Angel</subfield>
        </datafield>
        <datafield tag="245" ind1="0" ind2="0">
            <subfield code="9">60113</subfield>
            <subfield code="a">Técnicas experimentales en física</subfield>
        </datafield>
        <datafield tag="260" ind1=" " ind2=" ">
            <subfield code="a">Zaragoza</subfield>
            <subfield code="b">Universidad de Zaragoza</subfield>
            <subfield code="c">2010-2011</subfield>
        </datafield>
        <datafield tag="520" ind1=" " ind2=" ">
            <subfield code="a">Uno de los aspectos más relevantes de la Física actual es el experimental. Las técnicas experimentales en Física constituyen un campo de enorme riqueza y variedad. Su ámbito de aplicación trasciende la propia investigación en Física, y se aplican en caracterización en prácticamente todos los ámbitos de la Ciencia y la Tecnología, siendo especialmente importantes sus aplicaciones en el ámbito industrial, y recorriendo desde las técnicas de caracterización más sencillas a las aplicaciones de alta tecnología. La asignatura pretende ofrecer una visión básica de los fundamentos,  métodos, equipamiento, aplicaciones y ejemplos de algunas de las  técnicas físicas más utilizadas, con especial énfasis en las técnicas  aplicadas en investigación, y el aquellas en las que existen  equipamientos y expertos en nuestro entorno más proximo.</subfield>
        </datafield>
        <datafield tag="521" ind1=" " ind2=" ">
            <subfield code="9">602</subfield>
            <subfield code="a">Máster Universitario en Física y Tecnologías Físicas</subfield>
        </datafield>
        <datafield tag="540" ind1=" " ind2=" ">
            <subfield code="a">by-nc-sa</subfield>
            <subfield code="b">Creative Commons</subfield>
            <subfield code="c">3.0</subfield>
            <subfield code="u">http://creativecommons.org/licenses/by-nc-sa/3.0/</subfield>
        </datafield>
        <datafield tag="700" ind1=" " ind2=" ">
            <subfield code="0">(orcid)0000-0001-9221-9306</subfield>
            <subfield code="a">Martínez Jiménez, Juan Pablo</subfield>
        </datafield>
        <datafield tag="700" ind1=" " ind2=" ">
            <subfield code="0">(orcid)0000-0003-0602-492X</subfield>
            <subfield code="a">Marquina Garcia, Clara Isabel</subfield>
        </datafield>
        <datafield tag="700" ind1=" " ind2=" ">
            <subfield code="0">(orcid)0000-0002-5380-3013</subfield>
            <subfield code="a">Medrano Marqués, Nicolás Jesús</subfield>
        </datafield>
        <datafield tag="700" ind1=" " ind2=" ">
            <subfield code="0">(orcid)0000-0002-5406-3280</subfield>
            <subfield code="a">Martínez Martínez, Jesús Ignacio</subfield>
        </datafield>
        <datafield tag="700" ind1=" " ind2=" ">
            <subfield code="0">(orcid)0000-0002-7552-1228</subfield>
            <subfield code="a">Sarsa Sarsa, María Luisa</subfield>
        </datafield>
        <datafield tag="700" ind1=" " ind2=" ">
            <subfield code="0">(orcid)0000-0003-2874-6368</subfield>
            <subfield code="a">Aldea Chagoyen, Concepción</subfield>
        </datafield>
        <datafield tag="700" ind1=" " ind2=" ">
            <subfield code="0">(orcid)0000-0002-9706-3272</subfield>
            <subfield code="a">Blasco Carral, Javier</subfield>
        </datafield>
        <datafield tag="700" ind1=" " ind2=" ">
            <subfield code="0">(orcid)0000-0003-1955-6714</subfield>
            <subfield code="a">Palero Díaz, Virginia Raquel</subfield>
        </datafield>
        <datafield tag="700" ind1=" " ind2=" ">
            <subfield code="0">(orcid)0000-0003-3567-7030</subfield>
            <subfield code="a">Palacios Latasa, Elías</subfield>
        </datafield>
        <datafield tag="700" ind1=" " ind2=" ">
            <subfield code="0">(orcid)0000-0002-4698-3378</subfield>
            <subfield code="a">Algarabel Lafuente, Pedro Antonio</subfield>
        </datafield>
        <datafield tag="700" ind1=" " ind2=" ">
            <subfield code="0">(orcid)0000-0003-2929-4025</subfield>
            <subfield code="a">Álvarez Abenia, José Miguel</subfield>
        </datafield>
        <datafield tag="700" ind1=" " ind2=" ">
            <subfield code="0">(orcid)0000-0002-5793-2058</subfield>
            <subfield code="a">Sanjuan Alvarez, Maria Luisa</subfield>
        </datafield>
        <datafield tag="830" ind1=" " ind2=" ">
            <subfield code="9">338</subfield>
        </datafield>
        <datafield tag="856" ind1="4" ind2=" ">
            <subfield code="s">116142</subfield>
            <subfield code="u">http://zaguan.unizar.es/record/46229/files/guia.pdf</subfield>
            <subfield code="y">Guía (idioma español)</subfield>
        </datafield>
        <datafield tag="980" ind1=" " ind2=" ">
            <subfield code="a">GDOC</subfield>
            <subfield code="b">Ciencias</subfield>
            <subfield code="c">100</subfield>
        </datafield>
    </record>

    
</collection>